Van Reedinte Hortus Malabaricus (Malabar poonthottam): Malayalam pathippu. (12vols). Vol.6 (Record no. 43238)

MARC details
000 -LEADER
fixed length control field 00414nam a2200133Ia 4500
020 ## - INTERNATIONAL STANDARD BOOK NUMBER
ISBN 8186397825
082 ## - DEWEY DECIMAL CLASSIFICATION NUMBER
Classification number 58=573.14
Item number MAN.6
100 ## - MAIN ENTRY--AUTHOR NAME
Personal name Manilal, KS
245 #0 - TITLE STATEMENT
Title Van Reedinte Hortus Malabaricus (Malabar poonthottam): Malayalam pathippu. (12vols). Vol.6
260 ## - PUBLICATION, DISTRIBUTION, ETC. (IMPRINT)
Place of publication Thiruvanathapuram
Name of publisher University of Kerala
Year of publication 2008
650 ## - SUBJECT ADDED ENTRY--TOPICAL TERM
Topical Term Kerala plants
942 ## - ADDED ENTRY ELEMENTS (KOHA)
Koha item type Books
Holdings
Withdrawn status Lost status Damaged status Not for loan Home library Current library Date acquired Full call number Accession Number Koha item type
        RRII Library RRII Library 16/12/2021 58=573.14 MAN.6 23504 Books